Представление документа в формате MARC21

Поле Инд. ПП Название Значение
Тип записи a
Библиографический уровень m
001 Контрольный номер df6ed58225b34aa3af9360175cf3e836
005 Дата корректировки 20260703095106.8
040 a Служба первич. каталог. 10013504
b Код языка каталог. rus
e Правила каталог. PSBO
041 0_ a Код языка текста rus
090 a Полочн. индекс 359
x Авторский знак К 908
r Идентификатор организации 10013504
100 1_ a Автор Куманин М.Ф.
245 10 a Заглавие Отправляем в поход корабли
260 a Место издания Москва
b Издательство Воениздат
c Дата издания 1962
300 a Объем 99, [2] с., [1] л. портр.
b Иллюстрации/ тип воспроизводства ил.
440 _0 a Серия Военные мемуары
653 0_ a Ключевые слова МЕМУАРЫ ВОЕННЫЕ; ВЕЛИКАЯ ОТЕЧЕСТВЕННАЯ ВОЙНА (1941-1945); ВОСПОМИНАНИЯ О ВЕЛИКОЙ ОТЕЧЕСТВЕННОЙ ВОЙНЕ; ЧЕРНОМОРСКИЙ ВОЕННО-МОРСКОЙ ФЛОТ В ВЕЛИКОЙ ОТЕЧЕСТВЕННОЙ ВОЙНЕ 1941-1945
901 t Тип документа m
952 a Тип литературы для КСУ ВШ КНпР